Conveying negligence (Record no. 65941)

MARC details
000 -LEADER
fixed length control field 01495cam a2200277 4500
001 - CONTROL NUMBER
control field ABS63480
008 - FIXED-LENGTH DATA ELEMENTS--GENERAL INFORMATION
fixed length control field 000000n2001 000 0 eng u
035 ## - SYSTEM CONTROL NUMBER
System control number (Sirsi) u110660
100 ## - MAIN ENTRY--PERSONAL NAME
Personal name Ross, J.
245 ## - TITLE STATEMENT
Title Conveying negligence
260 ## - PUBLICATION, DISTRIBUTION, ETC.
Date of publication, distribution, etc. 2001
490 ## - SERIES STATEMENT
Series statement Estates Gazette
Volume/sequential designation (0103) 20 January 2001, 126-127(2)
520 ## - SUMMARY, ETC.
Summary, etc. The first of two articles looking at how to avoid professional negligence in conveyancing, which highlights the dangers of instructing foreign lawyers and failing to obtain copies of building regulations consent. Observes that there is a duty of care owed to the client when selecting a foreign lawyer; that it must be made clear that the lawyer is not your agent; that it is vital to obtain written confirmation that all tasks have been carried out; that you should ask the foreign lawyer for a written explanation where there is any doubt over procedure; that you should think carefully before accepting information from a vendor at face value; and that a solicitor should always seek a proper conclusion to any enquiry. Also offers advice on inadvertently giving a solicitor's undertaking.
590 ## - LOCAL NOTE (RLIN)
Local note ABS
650 ## - SUBJECT ADDED ENTRY--TOPICAL TERM
Topical term or geographic name entry element BUILDING REGULATIONS CONSENT
650 ## - SUBJECT ADDED ENTRY--TOPICAL TERM
Topical term or geographic name entry element CONVEYANCING
650 ## - SUBJECT ADDED ENTRY--TOPICAL TERM
Topical term or geographic name entry element FOREIGN PROPERTY
650 ## - SUBJECT ADDED ENTRY--TOPICAL TERM
Topical term or geographic name entry element LIABILITY
650 ## - SUBJECT ADDED ENTRY--TOPICAL TERM
Topical term or geographic name entry element NEGLIGENCE
650 ## - SUBJECT ADDED ENTRY--TOPICAL TERM
Topical term or geographic name entry element OVERSEAS PROPERTY
650 ## - SUBJECT ADDED ENTRY--TOPICAL TERM
Topical term or geographic name entry element SOLICITORS
650 ## - SUBJECT ADDED ENTRY--TOPICAL TERM
Topical term or geographic name entry element SOLICITORS UNDERTAKING
690 ## - LOCAL SUBJECT ADDED ENTRY--TOPICAL TERM (OCLC, RLIN)
Topical term or geographic name as entry element PROPERTY AND LAND LAW-CONVEYANCING
700 ## - ADDED ENTRY--PERSONAL NAME
Personal name Fenn, K.
942 ## - ADDED ENTRY ELEMENTS (KOHA)
Suppress in OPAC 0
Holdings
Withdrawn status Lost status Source of classification or shelving scheme Damaged status Not for loan Home library Current library Shelving location Date acquired Total Checkouts Full call number Barcode Date last seen Copy number Price effective from Koha item type
    Dewey Decimal Classification     London London Journal article 30/01/2001   ABS63480 110660-1001 06/08/2019 1 06/08/2019 Journal article